London Connectivity Report (Record no. 116252)
[ view plain ]
| 000 -LEADER | |
|---|---|
| fixed length control field | 01481cam a22002295a 4500 |
| 001 - CONTROL NUMBER | |
| control field | L160164 |
| 008 - FIXED-LENGTH DATA ELEMENTS--GENERAL INFORMATION | |
| fixed length control field | 180910s2018 xxk f 000 0 eng d |
| 035 ## - SYSTEM CONTROL NUMBER | |
| System control number | (Sirsi) u160164 |
| 041 0# - LANGUAGE CODE | |
| Language code of text/sound track or separate title | eng |
| 110 2# - MAIN ENTRY--CORPORATE NAME | |
| Corporate name or jurisdiction name as entry element | Cluttons |
| 9 (RLIN) | 2064 |
| 245 40 - TITLE STATEMENT | |
| Title | London Connectivity Report |
| Remainder of title | Part Two Commercial occupiers and landlords |
| Medium | [electronic resource] |
| 260 ## - PUBLICATION, DISTRIBUTION, ETC. | |
| Place of publication, distribution, etc. | London |
| Name of publisher, distributor, etc. | Cluttons |
| Date of publication, distribution, etc. | 2018 |
| 520 ## - SUMMARY, ETC. | |
| Summary, etc. | Second in a series of two reports looking at connectivity issues in London carried out in conjunction with YouGov. Part Two seeks to gain a better understanding of the importance being placed by commercial occupiers and landlords on digital connectivity by seeking opinions of 500 office based workers and 131 commercial landlords across London. The majority of office base workers surveyed commented that a well-connected office with high broadband speeds ranked ahead of ther considerations such as relocation costs, staff amentieis and flexibiity of space. 47% of those surveyed were willing to pay an extra 10% rental premiums for good digital connectivity. (Part one Residential Property see L160163) |
| 650 24 - SUBJECT ADDED ENTRY--TOPICAL TERM | |
| Topical term or geographic name entry element | CONNECTIVITY |
| 650 24 - SUBJECT ADDED ENTRY--TOPICAL TERM | |
| Topical term or geographic name entry element | ARTIFICIAL INTELLIGENCE |
| 650 24 - SUBJECT ADDED ENTRY--TOPICAL TERM | |
| Topical term or geographic name entry element | BROADBAND |
| 650 24 - SUBJECT ADDED ENTRY--TOPICAL TERM | |
| Topical term or geographic name entry element | AGILE WORKING |
| 651 #4 - SUBJECT ADDED ENTRY--GEOGRAPHIC NAME | |
| Geographic name | London |
| 690 ## - LOCAL SUBJECT ADDED ENTRY--TOPICAL TERM (OCLC, RLIN) | |
| Topical term or geographic name as entry element | Commercial property |
| 9 (RLIN) | 6227 |
| 856 40 - ELECTRONIC LOCATION AND ACCESS | |
| Uniform Resource Identifier | <a href="https://www.cluttons.com/gb/documents/london-connectivity-report-part-one-residential-tenants-march-2018">https://www.cluttons.com/gb/documents/london-connectivity-report-part-one-residential-tenants-march-2018</a> |
| Public note | View the item free of charge from the www.cluttons.com website. |
| 942 ## - ADDED ENTRY ELEMENTS (KOHA) | |
| Suppress in OPAC | 0 |
| Withdrawn status | Lost status | Source of classification or shelving scheme | Damaged status | Not for loan | Home library | Current library | Shelving location | Date acquired | Total Checkouts | Full call number | Barcode | Date last seen | Copy number | Price effective from | Koha item type |
|---|---|---|---|---|---|---|---|---|---|---|---|---|---|---|---|
| Dewey Decimal Classification | Virtual | Virtual | Online | 10/09/2018 | ONLINE PUBLICATION | 160164-2001 | 06/08/2019 | 1 | 06/08/2019 | Book |